|
|
|
|
| LEADER |
00000nab a2200000 a 4500 |
| 001 |
vtls009003278 |
| 003 |
SK-MaSNL |
| 005 |
20260303065540.0 |
| 008 |
070628c20070510xo dr n 000 00slo |
| 038 |
|
|
|a SVKPOCL
|
| 040 |
|
|
|a SVKPOCL
|b slo
|c AACR2
|e AACR2
|
| 041 |
|
|
|a slo
|
| 044 |
|
|
|a xo
|c SK
|
| 080 |
|
|
|a 377.35:641
|2 2001
|
| 080 |
|
|
|a 641:377.35
|2 2001
|
| 080 |
|
|
|a 37.014.542
|2 2001
|
| 245 |
0 |
0 |
|a Digitálni štúrovci
|b v Mladosti finišujú na viacerých projektoch
|c [autor] (sd)
|
| 300 |
|
|
|a Fotogr.
|
| 610 |
2 |
7 |
|a Stredné odborné učilište SD Jednota (Prešov, Slovensko)
|2 svkpocl
|9 1057197
|
| 650 |
0 |
7 |
|a projekty
|2 svkpocl
|9 18866
|
| 650 |
0 |
7 |
|a vzdelávacie projekty
|2 svkpocl
|9 28631
|
| 651 |
|
7 |
|a Prešov (Slovensko)
|2 svkpocl
|9 17347
|
| 773 |
0 |
|
|t Prešovský večerník
|g Roč. XVIII, č. 4195 (10.5.2007), s. 4
|x 1336-4030
|
| 852 |
|
|
|a SVKPO
|b KIS3GCP
|
| 856 |
4 |
1 |
|u www.vecernik.po.sk
|
| 958 |
|
|
|a RG
|
| 999 |
|
|
|c 1751649
|d 1753579
|